000
00325pab a2200133 454500
008
180718b1998 xxu||||| |||| 00| 0 eng d
100
_a
Cronk, Lee
245
_a
Ethnographic text formation processes
260
_c
1998
300
_a
p.321-49
650
_a
Ethnology
773
_a
Social Science Information
909
_a
39023
999
_c
39023
_d
39023